000 00541nam a22002177a 4500
003 UA-OsUOA
001 44710
007 ta
008 20070306b un ||||| |||| 00| 0 ukr d
100 _aГордеев В.
090 _a330
_bГ-11
942 _cSA
040 _aUA-OsUOA
_brus
_cUA-OsUOA
_dUA-OsUOA
245 _aДве тенденции в эволюции конкуренции
300 _aС.42-49
955 _a0
041 _arus
080 _a330
773 0 _w44709
650 7 _a330 Економіка взагалі
_2UDC
999 _c330835
_d330835